000 00316nam a2200133Ia 4500
005 20251222154335.0
008 251222s9999||||xx |||||||||||||| ||spa||
082 _a823/W48
100 _aWest, Morris L.
245 0 _aEl Verano del Lobo Rojo
250 _a1ra.ed.
264 _bEditorial Noguer, S.A.
942 _cLIB
999 _c34304
_d34304